<?xml version="1.0" encoding="UTF-8"?><?xml-stylesheet type="text/xsl" href="static/style.xsl"?><OAI-PMH xmlns="http://www.openarchives.org/OAI/2.0/" xmlns:xsi="http://www.w3.org/2001/XMLSchema-instance" xsi:schemaLocation="http://www.openarchives.org/OAI/2.0/ http://www.openarchives.org/OAI/2.0/OAI-PMH.xsd"><responseDate>2026-06-07T13:53:48Z</responseDate><request verb="GetRecord" identifier="oai:docta.ucm.es:20.500.14352/25084" metadataPrefix="marc">https://docta.ucm.es/rest/oai/request</request><GetRecord><record><header><identifier>oai:docta.ucm.es:20.500.14352/25084</identifier><datestamp>2024-10-08T13:08:19Z</datestamp><setSpec>com_20.500.14352_14</setSpec><setSpec>col_20.500.14352_23</setSpec></header><metadata><record xmlns="http://www.loc.gov/MARC21/slim" xmlns:dcterms="http://purl.org/dc/terms/" xmlns:xsi="http://www.w3.org/2001/XMLSchema-instance" xmlns:doc="http://www.lyncode.com/xoai" xsi:schemaLocation="http://www.loc.gov/MARC21/slim http://www.loc.gov/standards/marcxml/schema/MARC21slim.xsd">
   <leader>00925njm 22002777a 4500</leader>
   <datafield ind2=" " ind1=" " tag="042">
      <subfield code="a">dc</subfield>
   </datafield>
   <datafield ind2=" " ind1=" " tag="720">
      <subfield code="a">Moral García, Carlos</subfield>
      <subfield code="e">author</subfield>
   </datafield>
   <datafield ind2=" " ind1=" " tag="260">
      <subfield code="c">2016-01-04</subfield>
   </datafield>
   <datafield ind2=" " ind1=" " tag="520">
      <subfield code="a">Este trabajo trata sobre diferentes aspectos del druidismo galo prerromano, intentando ilustrarlos de la forma más clara posible. Por ello, resulta oportuno realizar una presentación de la sociedad y la cultura de la Galia céltica que permita una mejor contextualización. Del mismo modo, se realiza una presentación de la cosmología y mitología de estos grupos de población, ya que facilita la comprensión del druidismo como hecho religioso. Se procede a una descripción de las diferentes funciones y atribuciones del druida, así como a su sistema de organización interna. Por otro lado, se trata de realizar una interpretación desde la antropología política de este especialista religioso y su posición dentro de una sociedad de notable complejidad.</subfield>
   </datafield>
   <datafield ind2=" " ind1=" " tag="520">
      <subfield code="a">This work shows the different aspects of the pre-roman Gallic druidism, trying to illustrate them as clearly as possible. Therefore a presentation of the society and Culture in the Celtic Gaul is done in order to explain the druidism in their context. Following this line, the cosmology and mythology of this population is explained so the understanding of this religious phenomenon will be easier to the reader. In addition, a description of the different functions and attributions of the druids, as well as their inner organization system is made, leading the study to a political-anthropological interpretation about these religious specialists and their roll in a complex social structure</subfield>
   </datafield>
   <datafield ind1="8" ind2=" " tag="024">
      <subfield code="a">https://hdl.handle.net/20.500.14352/25084</subfield>
   </datafield>
   <datafield ind2="0" ind1="0" tag="245">
      <subfield code="a">Druidismo galo: Análisis desde la antropología política</subfield>
   </datafield>
</record></metadata></record></GetRecord></OAI-PMH>